000 00707cam a2200181 4500
001 ABS60823
008 000000n1999 000 0 eng u
035 _a(Sirsi) u101322
100 _aCannon, J.
245 _aConstruction ready to grow again.
260 _c1999
490 _aBuilding Intelligence
_vJune 1999, 8-9(2)Assesses the current health of the French construction industry, which had been declining in recent years. Suggests that 1998 saw the start of a recovery which looks set to continue into 2000, with the housing market and non-residential building looking strong.
650 _aFRANCE
650 _aCONSTRUCTION INDUSTRY
650 _aECONOMICS
690 _aOVERSEAS
942 _n0
999 _c60471
_d60471